Automated valuation models (Record no. 79118)
[ view plain ]
| 000 -LEADER | |
|---|---|
| fixed length control field | 00995cab a22002055a 4500 |
| 001 - CONTROL NUMBER | |
| control field | L139876 |
| 008 - FIXED-LENGTH DATA ELEMENTS--GENERAL INFORMATION | |
| fixed length control field | 070816e2007 xxk f 000 0 eng d |
| 035 ## - SYSTEM CONTROL NUMBER | |
| System control number | (Sirsi) u139876 |
| 041 0# - LANGUAGE CODE | |
| Language code of text/sound track or separate title | eng |
| 100 1# - MAIN ENTRY--PERSONAL NAME | |
| Personal name | Hughes, Oliver |
| 245 00 - TITLE STATEMENT | |
| Title | Automated valuation models |
| Remainder of title | making an impact |
| 260 ## - PUBLICATION, DISTRIBUTION, ETC. | |
| Date of publication, distribution, etc. | 2007 |
| 490 #0 - SERIES STATEMENT | |
| Series statement | Property Forecast |
| Volume/sequential designation | 10(7) July 2007,7-8(2) |
| 520 ## - SUMMARY, ETC. | |
| Summary, etc. | Automated Valuation Models (AVMs) have huge implications for the business operation of the property investment industry. AVMs are set to replace protracted and expensive physical valuations or the less accurate indexation models. Article looks at the background to AVMs, how they work and their application on the residential property markets, especially for investors and managers of large residential property portfolios. |
| 590 ## - LOCAL NOTE (RLIN) | |
| Local note | ka |
| 650 24 - SUBJECT ADDED ENTRY--TOPICAL TERM | |
| Topical term or geographic name entry element | AUTOMATED VALUATION MODELS |
| 651 #4 - SUBJECT ADDED ENTRY--GEOGRAPHIC NAME | |
| Geographic name | United Kingdom |
| Chronological subdivision | |
| 690 ## - LOCAL SUBJECT ADDED ENTRY--TOPICAL TERM (OCLC, RLIN) | |
| Topical term or geographic name as entry element | PROPERTY-RESIDENTIAL PROPERTY-RESIDENTIAL PROPERTY APPRAISAL AND VALUATION |
| 942 ## - ADDED ENTRY ELEMENTS (KOHA) | |
| Suppress in OPAC | 0 |
No items available.